Trung Kỳ Dân Biến Thỉ Mạc Ký
Spremljeno u:
| Glavni autor: | |
|---|---|
| Daljnji autori: | |
| Format: | Knjiga |
| Jezik: | Undetermined |
| Izdano: |
H.
Hồng Đức
2015
|
| Teme: | |
| Online pristup: | http://lrc.tdmu.edu.vn/opac/search/detail.asp?aID=2&ID=26111 |
| Oznake: |
Dodaj oznaku
Bez oznaka, Budi prvi tko označuje ovaj zapis!
|
| Thư viện lưu trữ: | Trung tâm Học liệu Trường Đại học Thủ Dầu Một |
|---|
| LEADER | 00760nam a2200193Ia 4500 | ||
|---|---|---|---|
| 001 | TDMU_26111 | ||
| 008 | 210410s9999 xx 000 0 und d | ||
| 082 | |a 895.92283203 | ||
| 090 | |b PH105 | ||
| 100 | |a Phan, Chu Trinh | ||
| 245 | 0 | |a Trung Kỳ Dân Biến Thỉ Mạc Ký | |
| 260 | |a H. | ||
| 260 | |b Hồng Đức | ||
| 260 | |c 2015 | ||
| 300 | |a 170tr. | ||
| 650 | |a Lịch sử |x Phong trào Dân biến |y Đầu thế kỷ XX |z Việt Nam; Lịch sử Việt Nam |x Phong trào Dân biến |y Đầu thế kỷ XX; Văn học Việt Nam |v Hồi ký | ||
| 700 | |a Lê, Ấm | ||
| 856 | |u http://lrc.tdmu.edu.vn/opac/search/detail.asp?aID=2&ID=26111 | ||
| 980 | |a Trung tâm Học liệu Trường Đại học Thủ Dầu Một | ||